The political economy of free trade / (Record no. 43821)
[ view plain ]
| 000 -LEADER | |
|---|---|
| fixed length control field | 00835cam a22002412 4500 |
| 001 - CONTROL NUMBER | |
| control field | 43821 |
| 003 - CONTROL NUMBER IDENTIFIER | |
| rucl marc code | BD-RJUL |
| 005 - DATE AND TIME OF LATEST TRANSACTION | |
| control field | 20211209053746.0 |
| 008 - FIXED-LENGTH DATA ELEMENTS--GENERAL INFORMATION | |
| fixed length control field | 160628s1928 enk 000 0 eng |
| 035 ## - SYSTEM CONTROL NUMBER | |
| System control number | OCLC ocm03828658 from D960911M |
| -- | BD-RJUL 43939 |
| 040 ## - CATALOGING SOURCE | |
| Original cataloging agency | DLC |
| Transcribing agency | HDC |
| Modifying agency | SER |
| -- | OCL |
| -- | EQO |
| Language of cataloging | eng |
| 041 ## - LANGUAGE CODE | |
| Language code of text/sound track or separate title | eng |
| 082 ## - DEWEY DECIMAL CLASSIFICATION NUMBER | |
| Edition number | 23 |
| Classification number | 337 |
| Author mark and year | ROP 1928 |
| 100 1# - MAIN ENTRY--PERSONAL NAME | |
| Personal name | Robertson, J. M. |
| Fuller form of name | (John Mackinnon), |
| Dates associated with a name | 1856-1933. |
| 9 (RLIN) | 134686 |
| 245 14 - TITLE STATEMENT | |
| Title | The political economy of free trade / |
| Statement of responsibility, etc. | by Rt. Hon. J. M. Robertson ... |
| 260 ## - PUBLICATION, DISTRIBUTION, ETC. (IMPRINT) | |
| Place of publication, distribution, etc. | London : |
| Name of publisher, distributor, etc. | P. S. King & Son, ltd., |
| Date of publication, distribution, etc. | 1928. |
| 300 ## - PHYSICAL DESCRIPTION | |
| Pagination | ix, 190 p. ; |
| Size | 22 cm. |
| 650 #0 - SUBJECT ADDED ENTRY--TOPICAL TERM | |
| Topical term or geographic name as entry element | Tariff |
| Geographic subdivision | Great Britain. |
| 9 (RLIN) | 134687 |
| Topical term or geographic name as entry element | Free trade. |
| 9 (RLIN) | 134688 |
| 856 41 - ELECTRONIC LOCATION AND ACCESS | |
| Materials specified | Bodleian Library 23226 e.272 |
| Uniform Resource Identifier | <a href="http://purl.ox.ac.uk/uuid/d7f0497f8d3b404083943b0857224775">http://purl.ox.ac.uk/uuid/d7f0497f8d3b404083943b0857224775</a> |
| 942 ## - ADDED ENTRY ELEMENTS (KOHA) | |
| Source of classification or shelving scheme | Dewey Decimal Classification |
| Koha item type | Books |
| Lost status | Source of classification or shelving scheme | Damaged status | Not for loan | Collection code | Permanent Location | Current Location | Shelving location | Date acquired | Source of acquisition | Cost, normal purchase price | Total Checkouts | Full call number | Date last seen | Copy number | Koha item type |
|---|---|---|---|---|---|---|---|---|---|---|---|---|---|---|---|
| Dewey Decimal Classification | Non-fiction | Central Library, University of Rajshahi | Central Library, University of Rajshahi | 05/09/1957 | Zeithlinger | 34.00 | 337 ROP 1928 | 28/06/2016 | C-2 | Books |